[Event "27th Sigeman & Co"]
[Site "Malmo SWE"]
[Date "2022.05.08"]
[Round "6"]
[White "Arjun Erigaisi"]
[Black "Mi Adams"]
[Result "1/2-1/2"]
[EventDate "2022.05.03"]
[WhiteElo "2675"]
[BlackElo "2698"]
[PlyCount "80"]

1. d4 Nf6 2. Nc3 d5 3. Bf4 e6 4. Nb5 Na6 5. e3 Be7 6. Nf3 O-O 7. Ne5 Bd7 8. Be2 Be8 9. O-O c5 10. a4 Nb4 11. c3 Nc6 12. Nxc6 Bxc6 13. Nc7 Rc8 14. Nb5 Ra8 15. dxc5 Bxc5 16. a5 Qe7 17. Be5 Bxb5 18. Bxb5 Bd6 19. Bxd6 Qxd6 20. Ra4 Rfd8 21. Bd3 Rac8 22. h3 g6 23. Rb4 Rc7 24. Qe2 Qe7 25. Rd1 Rc5 26. Ra1 Kg7 27. Qd1 Qc7 28. Qb3 Rd7 29. Rb5 Rxb5 30. Qxb5 Rd6 31. Qb4 e5 32. Be2 Rc6 33. Rd1 Rc5 34. a6 bxa6 35. Bxa6 Ra5 36. Be2 Qb6 37. Qxb6 axb6 38. c4 Kf8 39. Kf1 dxc4 40. Bxc4 Ke7 1/2-1/2

[Event "27th Sigeman & Co"]
[Site "Malmo SWE"]
[Date "2022.05.07"]
[Round "5"]
[White "Van Foreest,Jorden"]
[Black "Arjun Erigaisi"]
[Result "1/2-1/2"]
[EventDate "2022.05.03"]
[WhiteElo "2714"]
[BlackElo "2675"]
[PlyCount "100"]

1. e4 e5 2. Nf3 Nc6 3. Bc4 Nf6 4. d3 d5 5. exd5 Nxd5 6. O-O Be7 7. Re1 f6 8. d4 Nb6 9. Bb3 Nxd4 10. Nxd4 Qxd4 11. Qxd4 exd4 12. Bf4 Bf5 13. Bxc7 Kd7 14. Nd2 Bc5 15. Ne4 Kxc7 16. Nxc5 Rae8 17. Be6 Bxc2 18. Rac1 Bg6 19. f4 Kb8 20. f5 Bh5 21. Re4 Rd8 22. g4 Be8 23. Rd1 Na4 24. Nb3 Nxb2 25. Rexd4 Rxd4 26. Rxd4 Kc7 27. Nc5 b6 28. Na6+ Kb7 29. Nb4 a5 30. Bd5+ Kc8 31. Rd2 Na4 32. Rc2+ Kd8 33. Na6 Bb5 34. Nc7 Bd7 35. Bb3 h5 36. Nd5 hxg4 37. Bxa4 Bxa4 38. Rd2 b5 39. Nxf6+ Kc8 40. Nxg4 Rd8 41. Rxd8+ Kxd8 42. f6 gxf6 43. Nxf6 b4 44. Kf2 Bc2 45. Nd5 Be4 46. Nb6 Bb1 47. Ke3 Bxa2 48. Kd4 Bf7 49. Kc5 Ke7 50. Na4 1/2-1/2

[Event "27th Sigeman & Co"]
[Site "Malmo SWE"]
[Date "2022.05.06"]
[Round "4.3"]
[White "Arjun Erigaisi"]
[Black "Nils Grandelius"]
[Result "1/2-1/2"]
[EventDate "2022.05.03"]
[WhiteElo "2675"]
[BlackElo "2656"]
[PlyCount "78"]

1. e4 e5 2. Nf3 Nc6 3. d4 exd4 4. Nxd4 Bc5 5. Be3 Qf6 6. c3 Nge7 7. Bb5 Bb6 8. O-O O-O 9. a4 d5 10. Bxc6 bxc6 11. a5 Bc5 12. Nd2 Bd6 13. Qh5 Qg6 14. Qxg6 hxg6 15. N4b3 dxe4 16. Nxe4 Nf5 17. Bc1 Be6 18. Nbc5 Bd5 19. f3 Rfe8 20. Bd2 Be5 21. Rfe1 Nd6 22. Nxd6 Bxd6 23. b4 Bxc5+ 24. bxc5 a6 25. Bf4 Rxe1+ 26. Rxe1 Rb8 27. Bxc7 Rb3 28. Re8+ Kh7 29. Re3 g5 30. Kf2 Rb2+ 31. Re2 Rxe2+ 32. Kxe2 Kg6 33. Kf2 f6 34. h3 Kf7 35. Bd6 Ke6 36. Bf8 Kf7 37. Bd6 Ke6 38. Bf8 Kf7 39. Bd6 1/2-1/2

[Event "27th Sigeman & Co"]
[Site "Malmo SWE"]
[Date "2022.05.05"]
[Round "3.2"]
[White "Hans Moke Niemann"]
[Black "Arjun Erigaisi"]
[Result "1-0"]
[EventDate "2022.05.03"]
[WhiteElo "2637"]
[BlackElo "2675"]
[PlyCount "136"]

1. d4 d5 2. c4 c6 3. Nf3 Nf6 4. e3 Bf5 5. Nc3 e6 6. Nh4 Be4 7. f3 Bg6 8. Qb3 Qc7 9. Bd2 Be7 10. Nxg6 hxg6 11. O-O-O dxc4 12. Qxc4 a6 13. Kb1 Nbd7 14. h4 c5 15. Qb3 cxd4 16. exd4 Qb6 17. Qa4 Qc6 18. Bb5 Qc8 19. Bd3 Qc6 20. Qxc6 bxc6 21. Na4 Nd5 22. Rc1 Bb4 23. Bxb4 Nxb4 24. Be2 Nb8 25. g3 Ke7 26. Nc5 Ra7 27. f4 Rd8 28. Rhd1 a5 29. Bf3 Nd5 30. Re1 Nd7 31. Nd3 Kd6 32. Re2 Ra6 33. Rec2 Rc8 34. b3 Ne3 35. Rd2 Nd5 36. Nb2 Rc7 37. Rdc2 Ne3 38. Rd2 Nf5 39. g4 Ne3 40. Re1 Nd5 41. f5 Rc8 42. Nc4+ Ke7 43. h5 g5 44. a4 Nf4 45. Ka2 Rb8 46. Ka3 Rd8 47. fxe6 fxe6 48. Rc2 Rf8 49. Be4 Kd8 50. Nd2 Nf6 51. Bf3 g6 52. hxg6 Rg8 53. Nc4 Nd7 54. Rh2 Rxg6 55. Rh8+ Kc7 56. Rh7 Kd8 57. Reh1 Rf6 58. Rg7 Ng6 59. Be4 Ngf8 60. Ne5 Rf4 61. Rh8 Nxe5 62. dxe5 c5 63. Bf5 Ke8 64. Bg6+ Kd8 65. Bf7 Ke7 66. Bxe6+ Kxe6 67. Rh6+ Kxe5 68. Rxg5+ 1-0

[Event "27th Sigeman & Co"]
[Site "Malmo SWE"]
[Date "2022.05.04"]
[Round "2.4"]
[White "Arjun Erigaisi"]
[Black "AR Saleh Salem"]
[Result "1-0"]
[EventDate "2022.05.03"]
[WhiteElo "2675"]
[BlackElo "2690"]
[PlyCount "116"]

1. e4 c6 2. d4 d5 3. f3 dxe4 4. fxe4 e5 5. Nf3 Bg4 6. c3 Nd7 7. Bd3 Ngf6 8. O-O Bd6 9. Kh1 O-O 10. Bg5 h6 11. Bh4 Qc7 12. Nbd2 b5 13. Rc1 a6 14. a4 Nh5 15. h3 Nf4 16. Bb1 Bxf3 17. Rxf3 Ng6 18. Bf2 c5 19. Nf1 c4 20. Ne3 Rad8 21. Qc2 Rfe8 22. Rf1 Ndf8 23. Nd5 Qc8 24. Be3 Nh8 25. axb5 axb5 26. b3 Bb8 27. bxc4 bxc4 28. Qf2 Qb7 29. Qh4 Nfg6 30. Qg4 Qc6 31. Nb4 Qd6 32. d5 Bc7 33. Ba2 Nf4 34. Bxc4 Nhg6 35. Nc6 Ra8 36. g3 Ra4 37. Bb3 Rxe4 38. Qf5 Rxe3 39. Rxe3 Qc5 40. Rfe1 Nxd5 41. Qd7 Re6 42. Qxd5 Qxc6 43. Qxc6 Rxc6 44. Rf1 Rf6 45. Rxf6 gxf6 46. Rd3 Nf8 47. g4 Kg7 48. Bd5 Bb6 49. c4 Ng6 50. Rb3 Bd4 51. Rb7 Nf4 52. Kh2 Kg6 53. Kg3 Ne2+ 54. Kf3 Ng1+ 55. Kg2 Ne2 56. h4 h5 57. Bxf7+ Kh6 58. Bd5 1-0

[Event "27th Sigeman & Co"]
[Site "Malmo SWE"]
[Date "2022.05.03"]
[Round "1"]
[White "Arjun Erigaisi"]
[Black "A Shirov"]
[Result "1-0"]
[EventDate "2022.05.03"]
[WhiteElo "2675"]
[BlackElo "2693"]
[PlyCount "82"]

1. d4 d5 2. c4 c6 3. Nf3 Nf6 4. Nc3 e6 5. Bg5 dxc4 6. e4 b5 7. e5 h6 8. Bh4 g5 9. Nxg5 hxg5 10. Bxg5 Nbd7 11. exf6 Bb7 12. Be2 Nxf6 13. Bf3 Be7 14. g3 Qb6 15. O-O O-O-O 16. Qe2 Qxd4 17. Rfd1 Qc5 18. h4 Rhg8 19. Rxd8+ Bxd8 20. Bxf6 Bxf6 21. Ne4 Qe5 22. Nxf6 Qxf6 23. h5 Rd8 24. a4 c3 25. axb5 cxb2 26. Rb1 c5 27. Bc6 a5 28. Rxb2 a4 29. Rd2 a3 30. Ra2 Qc3 31. h6 Rh8 32. Qd1 Bxc6 33. bxc6 Qd4 34. Qb3 Qb4 35. Qd3 Rd8 36. Qa6+ Kc7 37. Rxa3 Qb1+ 38. Kg2 Rd1 39. Qa7+ Kxc6 40. Qa8+ Kd6 41. h7 1-0

[Event "Fagernes GM Open 2022"]
[Site "Fagernes NOR"]
[Date "2022.04.17"]
[Round "9.3"]
[White "Nihal Sarin"]
[Black "Erigaisi Arjun"]
[Result "1/2-1/2"]
[EventDate "?"]
[WhiteElo "2648"]
[BlackElo "2675"]
[PlyCount "50"]

1. d4 Nf6 2. c4 e6 3. Nc3 Bb4 4. Qc2 O-O 5. Nf3 c5 6. dxc5 Na6 7. g3 Nxc5 8. Bg2 Nce4 9. O-O Nxc3 10. bxc3 Be7 11. e4 d6 12. e5 dxe5 13. Nxe5 Qc7 14. Qe2 Nd7 15. Bf4 Nxe5 16. Bxe5 Bd6 17. Rfe1 Rb8 18. Rad1 Bxe5 19. Qxe5 Qxe5 20. Rxe5 b6 21. c5 f6 22. cxb6 axb6 23. Re3 e5 24. Bd5+ Kh8 25. c4 Bb7 1/2-1/2

[Event "Fagernes GM Open 2022"]
[Site "Fagernes NOR"]
[Date "2022.04.16"]
[Round "8.2"]
[White "Erigaisi Arjun"]
[Black "Alexander Donchenko"]
[Result "1/2-1/2"]
[EventDate "?"]
[WhiteElo "2675"]
[BlackElo "2619"]
[PlyCount "78"]

1. d4 Nf6 2. Nf3 d5 3. c3 e6 4. Bf4 Bd6 5. e3 O-O 6. Nbd2 c5 7. Bg3 b6 8. Bd3 Bb7 9. Qb1 Nc6 10. Ne5 h6 11. f4 Nd7 12. Ndf3 Qe8 13. Bh4 f5 14. O-O Ndxe5 15. fxe5 Be7 16. h3 a5 17. a4 g5 18. Be1 Ba6 19. Bxa6 Rxa6 20. Bd2 Ra7 21. b3 Bd8 22. Qd3 Rg7 23. Qb5 h5 24. Ne1 Na7 25. Qxe8 Rxe8 26. Nd3 Rc7 27. Rfc1 Be7 28. Kf2 Rec8 29. Ke2 Kf7 30. g3 Nc6 31. Rg1 Rg8 32. Raf1 Ke8 33. Be1 Nd8 34. h4 c4 35. bxc4 Rxc4 36. Nb2 Rc7 37. Nd3 Rc4 38. Nb2 Rc7 39. Nd3 1/2-1/2

[Event "Fagernes GM Open 2022"]
[Site "Fagernes NOR"]
[Date "2022.04.15"]
[Round "7.1"]
[White "Aram Hakobyan"]
[Black "Erigaisi Arjun"]
[Result "1/2-1/2"]
[EventDate "?"]
[WhiteElo "2612"]
[BlackElo "2675"]
[PlyCount "100"]

1. d4 d5 2. c4 e6 3. Nf3 Nf6 4. Nc3 c5 5. cxd5 Nxd5 6. e4 Nxc3 7. bxc3 cxd4 8. cxd4 Bb4+ 9. Bd2 Bxd2+ 10. Qxd2 O-O 11. Rd1 b6 12. h4 Bb7 13. Bd3 Nd7 14. O-O Rc8 15. Rfe1 Nf6 16. a4 h6 17. a5 bxa5 18. Ra1 Ba8 19. Rxa5 Rc7 20. Ra6 Re8 21. Qa5 Qb8 22. Qe5 Qc8 23. Qf4 Rc3 24. Bb5 Re7 25. d5 exd5 26. Rxf6 gxf6 27. Nd4 Rxe4 28. Rxe4 dxe4 29. Nf5 Rc1+ 30. Bf1 Rxf1+ 31. Kxf1 Qa6+ 32. Ke1 Qa1+ 33. Ke2 Qb2+ 34. Ke1 Qb4+ 35. Kd1 Bd5 36. Nxh6+ Kf8 37. Qxf6 Bb3+ 38. Ke2 Bc4+ 39. Kd1 Qb1+ 40. Kd2 Qd3+ 41. Kc1 Qf1+ 42. Kb2 Qe2+ 43. Kc1 Qe1+ 44. Kc2 Bd3+ 45. Kb3 Qb1+ 46. Ka3 Qc1+ 47. Kb3 Qc2+ 48. Ka3 Qc5+ 49. Kb3 Qb5+ 50. Ka3 1/2-1/2

[Event "Fagernes GM Open 2022"]
[Site "Fagernes NOR"]
[Date "2022.04.14"]
[Round "6.1"]
[White "Erigaisi Arjun"]
[Black "Frode Urkedal"]
[Result "1/2-1/2"]
[EventDate "?"]
[WhiteElo "2675"]
[BlackElo "2539"]
[PlyCount "100"]

1. d4 Nf6 2. c4 e6 3. Nc3 Bb4 4. f3 d5 5. a3 Bd6 6. e4 c5 7. dxc5 Bxc5 8. e5 Nfd7 9. f4 Nb6 10. b4 Be7 11. c5 N6d7 12. Nf3 a5 13. Rb1 axb4 14. axb4 b6 15. cxb6 Qxb6 16. b5 O-O 17. Bd3 Bb7 18. h4 h6 19. Rh3 f6 20. exf6 Bxf6 21. Ne2 e5 22. Bc2 d4 23. Qd3 e4 24. Qc4+ Kh8 25. Nfxd4 Rc8 26. Nc6 Nxc6 27. Qxe4 Nf8 28. bxc6 Qxc6 29. Rxb7 Qxc2 30. Qxc2 Rxc2 31. Kd1 Rc4 32. Bb2 Bxb2 33. Rxb2 Ne6 34. Rf3 Nd4 35. Nxd4 Rxd4+ 36. Ke2 Re4+ 37. Kf2 Raa4 38. Rb8+ Kh7 39. Rf8 h5 40. Kg3 Re2 41. Kh2 Ree4 42. Kh3 g6 43. g3 Kg7 44. Rb8 Reb4 45. Rb3 Rxb8 46. Rxb8 Ra2 47. Rb7+ Kf6 48. Rb6+ Kf5 49. Rb5+ Kf6 50. Rg5 Rf2 1/2-1/2

[Event "Fagernes GM Open 2022"]
[Site "Fagernes NOR"]
[Date "2022.04.13"]
[Round "5.1"]
[White "Kaido Kulaots"]
[Black "Erigaisi Arjun"]
[Result "1/2-1/2"]
[EventDate "?"]
[WhiteElo "2529"]
[BlackElo "2675"]
[PlyCount "112"]

1. e4 e5 2. Nf3 Nc6 3. Bb5 a6 4. Ba4 Bc5 5. c3 f5 6. d4 fxe4 7. Bxc6 dxc6 8. Nxe5 Bd6 9. Qh5+ g6 10. Qe2 Bf5 11. Nd2 Bxe5 12. dxe5 Qd3 13. Qxd3 exd3 14. Nb3 b6 15. Nd4 Be4 16. Ne6 Kd7 17. Nf4 Re8 18. f3 Bf5 19. Kf2 Rxe5 20. Be3 c5 21. Rad1 Nf6 22. Nxd3 Rd5 23. c4 Rxd3 24. Rxd3+ Bxd3 25. Rd1 Kc6 26. Rxd3 Rf8 27. Ke2 b5 28. Ra3 bxc4 29. Rxa6+ Kb5 30. Ra7 Nd5 31. Bd2 Re8+ 32. Kf2 Rd8 33. Ke2 Re8+ 34. Kf2 Rb8 35. g4 Kc6 36. Bc3 Nb4 37. f4 Nd3+ 38. Kf3 Nxb2 39. f5 gxf5 40. gxf5 Nd1 41. Be5 Rf8 42. Rxc7+ Kb6 43. f6 c3 44. Rxh7 c2 45. Bf4 Nc3 46. f7 Nxa2 47. Rg7 c1=Q 48. Bxc1 Nxc1 49. h4 c4 50. h5 c3 51. Ke3 Na2 52. Kd3 Rd8+ 53. Kc2 Rd2+ 54. Kb3 Rb2+ 55. Ka3 Rf2 56. f8=Q Rxf8 1/2-1/2

[Event "Fagernes GM Open 2022"]
[Site "Fagernes NOR"]
[Date "2022.04.12"]
[Round "3.1"]
[White "Erigaisi Arjun"]
[Black "Emre Can"]
[Result "1/2-1/2"]
[EventDate "?"]
[WhiteElo "2675"]
[BlackElo "2578"]
[PlyCount "74"]

1. e4 c5 2. Nf3 d6 3. d4 cxd4 4. Nxd4 Nf6 5. Nc3 a6 6. Be3 e5 7. Nf3 Be7 8. Nd2 b5 9. a4 b4 10. Nd5 Nxd5 11. exd5 O-O 12. Nc4 Nd7 13. a5 f5 14. f3 Qe8 15. Be2 Rb8 16. O-O f4 17. Ba7 Ra8 18. Bf2 Qh5 19. Kh1 Rf6 20. g4 fxg3 21. Bxg3 Qf7 22. b3 Bb7 23. Ne3 Rh6 24. Ra4 Bg5 25. Rxb4 Bxe3 26. Rxb7 Qg6 27. Qe1 Nc5 28. Bxa6 Qg5 29. Rc7 Nxa6 30. Rc4 Bd2 31. Bh4 Qe3 32. Qxe3 Bxe3 33. Bg3 Rb8 34. Rb1 Nb4 35. Rd1 Na6 36. Rb1 Nb4 37. Rd1 Na6 1/2-1/2

[Event "Fagernes GM Open 2022"]
[Site "Fagernes NOR"]
[Date "2022.04.12"]
[Round "4.2"]
[White "Erigaisi Arjun"]
[Black "Aryan Chopra"]
[Result "1-0"]
[EventDate "?"]
[WhiteElo "2675"]
[BlackElo "2592"]
[PlyCount "68"]

1. d4 Nf6 2. Nf3 g6 3. c4 Bg7 4. Nc3 O-O 5. e4 d6 6. Be2 e5 7. Be3 exd4 8. Nxd4 Re8 9. Qc2 Nc6 10. O-O Ng4 11. Bxg4 Nxd4 12. Qd2 c5 13. Bxc8 Rxc8 14. Rad1 Qd7 15. f3 f5 16. b3 fxe4 17. Nxe4 Re6 18. Qf2 b6 19. Bxd4 cxd4 20. Rxd4 Bxd4 21. Qxd4 Qg7 22. Qd3 h6 23. Rd1 Rd8 24. h3 Re5 25. b4 Qe7 26. Qb3 Kh7 27. a4 h5 28. Rd4 Kg7 29. Qc3 Kh7 30. Qd3 Rf5 31. Kf2 Qe5 32. h4 Qe7 33. g3 Kg8 34. Nxd6 1-0

[Event "Fagernes GM Open 2022"]
[Site "Fagernes NOR"]
[Date "2022.04.11"]
[Round "2.1"]
[White "Tor Fredrik Kaasen"]
[Black "Erigaisi Arjun"]
[Result "0-1"]
[EventDate "?"]
[WhiteElo "2465"]
[BlackElo "2675"]
[PlyCount "118"]

1. d4 Nf6 2. c4 e6 3. Nf3 d5 4. Nc3 c6 5. e3 Nbd7 6. Qc2 Bd6 7. b3 O-O 8. Be2 b6 9. O-O Bb7 10. Bb2 Qe7 11. Rfe1 Rfe8 12. e4 Bb4 13. e5 Ne4 14. Nxe4 dxe4 15. Nd2 c5 16. a3 Bxd2 17. Qxd2 cxd4 18. Bxd4 Nf8 19. Bd1 f5 20. exf6 gxf6 21. Re3 e5 22. Rg3+ Kh8 23. Bc3 Ne6 24. Qh6 Rg8 25. Bb4 Nc5 26. Bg4 Qf8 27. Qh5 Rg5 28. Qh4 Rd8 29. Be6 Rd6 30. Bxc5 bxc5 31. Rxg5 fxg5 32. Qg4 Qf4 33. g3 Qf3 34. Bc8 Bc6 35. Re1 a5 36. Qxf3 exf3 37. Bf5 Kg7 38. h4 Kf6 39. Bxh7 gxh4 40. gxh4 Rd4 41. h5 Rg4+ 42. Kf1 Rh4 43. Kg1 Rxh5 44. Rd1 Rxh7 45. Rd6+ Kf5 46. Rxc6 Rg7+ 47. Kf1 Rb7 48. Rxc5 Rxb3 49. Kg1 Rxa3 50. Kh2 Ke4 51. Rb5 Ra2 52. Kg3 Ra1 53. c5 Rg1+ 54. Kh4 Kf4 55. Kh5 Rf1 56. Rb2 Rc1 57. Rb5 Rc2 58. c6 Rxc6 59. Rxa5 Rc2 0-1

[Event "Fagernes GM Open 2022"]
[Site "Fagernes NOR"]
[Date "2022.04.10"]
[Round "1.1"]
[White "Erigaisi Arjun"]
[Black "Fiona Sieber"]
[Result "1-0"]
[EventDate "?"]
[WhiteElo "2675"]
[BlackElo "2248"]
[PlyCount "54"]

1. Nf3 Nf6 2. c4 e6 3. Nc3 c5 4. g3 Nc6 5. Bg2 d5 6. cxd5 exd5 7. d4 Bg4 8. Bg5 Bxf3 9. Bxf3 cxd4 10. Nxd5 Qa5+ 11. Bd2 Qd8 12. Qb3 Nxd5 13. Bxd5 Qd7 14. Rc1 Rd8 15. Qxb7 Ne5 16. Qxd7+ Kxd7 17. f4 Kd6 18. Bb3 Nc6 19. Bxf7 g6 20. Kf2 Bg7 21. Rhd1 Rb8 22. Bb3 Rb6 23. e4 Rf8 24. Ke2 d3+ 25. Kxd3 Bxb2 26. Rc2 Ba3 27. Be3 1-0

[Event "MPL Indian Chess Tour #1"]
[Site "chess24.com INT"]
[Date "2022.04.03"]
[Round "13.8"]
[White "Gupta Sankalp"]
[Black "Arjun Erigaisi"]
[Result "0-1"]
[EventDate "2022.03.31"]
[WhiteElo "2536"]
[BlackElo "2660"]
[PlyCount "80"]

1. e4 d5 2. exd5 Qxd5 3. Nc3 Qa5 4. Bc4 Nf6 5. d4 Bg4 6. f3 Bd7 7. Ne2 c5 8. dxc5 e6 9. Be3 Bxc5 10. Bxc5 Qxc5 11. Qd4 Qxd4 12. Nxd4 Nc6 13. Ndb5 Ke7 14. O-O-O Na5 15. Be2 Rhd8 16. Rd2 Bxb5 17. Bxb5 Rxd2 18. Kxd2 g5 19. b4 Rd8+ 20. Ke3 Rc8 21. Kd3 Nc6 22. Bxc6 Rxc6 23. a4 Nd7 24. Re1 Rd6+ 25. Kc4 Rd2 26. Re2 Rxe2 27. Nxe2 Kd6 28. Nc3 Ke5 29. a5 f5 30. b5 Kd6 31. Ne2 h5 32. Kb4 h4 33. h3 e5 34. c4 Nc5 35. Kc3 Ne6 36. g4 fxg4 37. fxg4 Nf4 38. Ng1 Kc5 39. Nf3 Nxh3 40. Nxg5 Nxg5 0-1

[Event "MPL Indian Chess Tour #1"]
[Site "chess24.com INT"]
[Date "2022.04.03"]
[Round "15.8"]
[White "Arjun Erigaisi"]
[Black "Baskaran Adhiban"]
[Result "1/2-1/2"]
[EventDate "2022.03.31"]
[WhiteElo "2660"]
[BlackElo "2648"]
[PlyCount "92"]

1. Nf3 c5 2. c4 g6 3. g3 Bg7 4. Bg2 Nc6 5. Nc3 d6 6. O-O Nf6 7. d4 cxd4 8. Nxd4 Bd7 9. Nxc6 bxc6 10. e4 h5 11. Bg5 Nh7 12. Be3 h4 13. Bd4 Nf6 14. e5 dxe5 15. Bxe5 hxg3 16. hxg3 O-O 17. Re1 Rc8 18. Ne4 Be6 19. b3 Nxe4 20. Rxe4 Qxd1+ 21. Rxd1 c5 22. Bxg7 Kxg7 23. Re5 Rc7 24. f4 Rb8 25. Rde1 a5 26. Bd5 Bxd5 27. Rxd5 e6 28. Rd3 a4 29. Re5 axb3 30. axb3 Rcb7 31. Rxc5 Rxb3 32. Rxb3 Rxb3 33. Kf2 f5 34. Re5 Rc3 35. Rxe6 Rxc4 36. Re7+ Kf6 37. Re2 Rc3 38. Re3 Rc2+ 39. Re2 Rxe2+ 40. Kxe2 Ke6 41. Ke3 Kd5 42. Kd3 Kc5 43. Kc3 Kd5 44. Kd3 Kc5 45. Kc3 Kd5 46. Kd3 1/2-1/2

[Event "MPL Indian Chess Tour #1"]
[Site "chess24.com INT"]
[Date "2022.04.02"]
[Round "9.6"]
[White "Abhijeet Gupta"]
[Black "Arjun Erigaisi"]
[Result "0-1"]
[EventDate "2022.03.31"]
[WhiteElo "2628"]
[BlackElo "2660"]
[PlyCount "68"]

1. d4 Nf6 2. c4 g6 3. Nc3 Bg7 4. e4 d6 5. f3 O-O 6. Nge2 c5 7. d5 e6 8. Ng3 exd5 9. cxd5 a6 10. a4 Nbd7 11. Be2 Rb8 12. O-O Ne8 13. f4 h5 14. e5 f5 15. exf6 Ndxf6 16. Nge4 Nxe4 17. Nxe4 Bd4+ 18. Kh1 Nf6 19. Ng5 Ng4 20. Ra3 Nf2+ 21. Rxf2 Bxf2 22. Ne6 Bxe6 23. dxe6 Qf6 24. Rf3 Bd4 25. f5 Be5 26. Bd3 Qh4 27. g3 Qd4 28. e7 Rxf5 29. Qb3+ c4 30. Bxc4+ Kg7 31. Be6 Rxf3 32. Qxf3 Bf6 33. Kg2 Qe5 34. e8=Q Rxe8 0-1

[Event "MPL Indian Chess Tour #1"]
[Site "chess24.com INT"]
[Date "2022.04.01"]
[Round "7.5"]
[White "D Gukesh"]
[Black "Arjun Erigaisi"]
[Result "0-1"]
[EventDate "2022.03.31"]
[WhiteElo "2614"]
[BlackElo "2660"]
[PlyCount "90"]

1. d4 Nf6 2. c4 e6 3. Nf3 d5 4. Nc3 c5 5. cxd5 Nxd5 6. e4 Nxc3 7. bxc3 cxd4 8. cxd4 Bb4+ 9. Bd2 Bxd2+ 10. Qxd2 O-O 11. Bc4 Nd7 12. O-O b6 13. Rfe1 Bb7 14. Re3 Rc8 15. Bb3 b5 16. Qd3 b4 17. Qb5 Qb6 18. Qxb6 Nxb6 19. a3 bxa3 20. h3 a5 21. Rxa3 a4 22. Ba2 Rc1+ 23. Kh2 Rc2 24. Kg3 g6 25. Ne1 Rd2 26. Nd3 Ba8 27. d5 exd5 28. exd5 Bxd5 29. Bxd5 Nxd5 30. Re4 Rc8 31. Ne5 Rc3+ 32. Rxc3 Nxc3 33. Rc4 Ne2+ 34. Kf3 a3 35. Ra4 a2 36. Nc4 Rc2 37. Ne3 Ng1+ 38. Kg3 Rb2 39. Nc4 Rb4 40. Ra8+ Kg7 41. Ne3 Ne2+ 42. Kf3 Nc3 43. Ra3 Rb1 44. Nc2 Rc1 45. Rxc3 Rxc2 0-1

[Event "MPL Indian Chess Tour #1"]
[Site "chess24.com INT"]
[Date "2022.04.01"]
[Round "6.5"]
[White "Arjun Erigaisi"]
[Black "Chopra Aryan"]
[Result "1-0"]
[EventDate "2022.03.31"]
[WhiteElo "2660"]
[BlackElo "2585"]
[PlyCount "76"]

1. d4 d5 2. c4 e6 3. Nc3 a6 4. cxd5 exd5 5. Bf4 c6 6. e3 Bd6 7. Bg3 Ne7 8. Bd3 Bf5 9. Nge2 O-O 10. f3 b5 11. Bxd6 Qxd6 12. e4 dxe4 13. fxe4 Bg6 14. h4 h6 15. h5 Bh7 16. e5 Qd7 17. Bxh7+ Kxh7 18. O-O Qg4 19. Nf4 Qxd1 20. Raxd1 Nd7 21. Ne4 Nb6 22. Nd6 Kg8 23. Nd3 Nbd5 24. Rde1 a5 25. Nc5 a4 26. Rf3 Nc8 27. Nde4 Ra7 28. Ref1 Re8 29. Rg3 Kh7 30. Rff3 b4 31. a3 b3 32. Rg4 Rg8 33. Kf2 Re8 34. Rfg3 f5 35. exf6 gxf6 36. Rg6 Rf7 37. Rf3 Rfe7 38. Rfxf6 1-0

[Event "MPL Indian Chess Tour #1"]
[Site "chess24.com INT"]
[Date "2022.04.01"]
[Round "8.4"]
[White "Arjun Erigaisi"]
[Black "Raunak Sadhwani"]
[Result "1/2-1/2"]
[EventDate "2022.03.31"]
[WhiteElo "2660"]
[BlackElo "2616"]
[PlyCount "82"]

1. d4 Nf6 2. Bf4 d5 3. e3 e6 4. Nd2 c5 5. c3 Bd6 6. Bg3 O-O 7. Bd3 b6 8. e4 Be7 9. e5 Nfd7 10. Qh5 g6 11. Qe2 cxd4 12. cxd4 Nc6 13. Ngf3 Nb4 14. O-O Nxd3 15. Qxd3 a5 16. Rfc1 Ba6 17. Qe3 Rc8 18. Bf4 Rxc1+ 19. Rxc1 Qb8 20. Bg5 Bxg5 21. Qxg5 Rc8 22. Rxc8+ Qxc8 23. h4 Qf8 24. Nb1 h6 25. Qd2 Kg7 26. Nc3 Qe7 27. Qf4 b5 28. Nd1 b4 29. Ne3 h5 30. g4 Be2 31. Ng5 Bxg4 32. Nxg4 hxg4 33. Qxg4 Nf8 34. h5 Kh6 35. hxg6 Nxg6 36. Nf3 a4 37. Kh2 Kg7 38. Ng5 Kh6 39. Nf3 Kg7 40. Ng5 Kh6 41. Nf3 1/2-1/2

[Event "MPL Indian Chess Tour #1"]
[Site "chess24.com INT"]
[Date "2022.03.31"]
[Round "1.2"]
[White "Dronavalli Harika"]
[Black "Arjun Erigaisi"]
[Result "0-1"]
[EventDate "2022.03.31"]
[WhiteElo "2517"]
[BlackElo "2660"]
[PlyCount "84"]

1. e4 d5 2. exd5 Qxd5 3. Nc3 Qd6 4. Nf3 Nf6 5. d4 Bg4 6. h3 Bxf3 7. Qxf3 c6 8. Be3 e6 9. O-O-O Nbd7 10. Bd3 Qc7 11. Rhe1 Bb4 12. Bd2 O-O 13. Kb1 a5 14. Ne4 Bxd2 15. Nxf6+ Nxf6 16. Rxd2 a4 17. Re5 a3 18. b3 Nd5 19. c4 Nb4 20. Qe4 g6 21. h4 Rad8 22. h5 Qd6 23. Bc2 Kg7 24. Rd1 b5 25. c5 Qe7 26. Rh1 Nd5 27. Qf3 b4 28. Ka1 Qf6 29. h6+ Kg8 30. Qxf6 Nxf6 31. Rh4 Rd7 32. Re2 Rfd8 33. Rd2 e5 34. Kb1 Nd5 35. Kc1 Nc3 36. Bb1 Rxd4 37. Rdxd4 Rxd4 38. Rh1 f5 39. Re1 Kf7 40. f3 Kf6 41. g4 fxg4 42. fxg4 Rxg4 0-1

[Event "MPL Indian Chess Tour #1"]
[Site "chess24.com INT"]
[Date "2022.03.31"]
[Round "2.7"]
[White "Arjun Erigaisi"]
[Black "Surya Shekhar Ganguly"]
[Result "1/2-1/2"]
[EventDate "2022.03.31"]
[WhiteElo "2660"]
[BlackElo "2609"]
[PlyCount "100"]

1. c4 Nf6 2. Nc3 e6 3. e4 d5 4. cxd5 exd5 5. e5 Ne4 6. d3 Nxc3 7. bxc3 c5 8. d4 Nc6 9. Nf3 Bg4 10. Rb1 Qc7 11. Be2 Bf5 12. Bd3 Bxd3 13. Qxd3 c4 14. Qf5 Nd8 15. O-O Qd7 16. Qh5 Ne6 17. Ng5 g6 18. Qf3 Bg7 19. Nxe6 fxe6 20. Bg5 b6 21. h3 Qf7 22. Qxf7+ Kxf7 23. g4 h6 24. Bf4 h5 25. Kg2 hxg4 26. hxg4 Ke7 27. Bg5+ Kd7 28. Bf6 Bxf6 29. exf6 Raf8 30. g5 Rh5 31. f4 Rfh8 32. Rf3 Rh2+ 33. Kg3 Rxa2 34. Re1 Rah2 35. Ra1 a5 36. Rb1 R2h3+ 37. Kg2 Rh2+ 38. Kg3 R2h3+ 39. Kg2 Rxf3 40. Kxf3 Rb8 41. Ra1 Ra8 42. Rb1 Kc6 43. Re1 Kd7 44. Rb1 Kc7 45. Re1 Kd6 46. Rb1 Rb8 47. Ra1 Ra8 48. Rb1 Rb8 49. Ra1 Ra8 50. Rb1 1/2-1/2

[Event "MPL Indian Chess Tour #1"]
[Site "chess24.com INT"]
[Date "2022.03.31"]
[Round "3.3"]
[White "Leon Luke Mendonca"]
[Black "Arjun Erigaisi"]
[Result "1-0"]
[EventDate "2022.03.31"]
[WhiteElo "2536"]
[BlackElo "2660"]
[PlyCount "154"]

1. d4 g6 2. c4 Bg7 3. Nf3 d6 4. Nc3 Nc6 5. d5 Ne5 6. Nxe5 Bxe5 7. e4 Nf6 8. Bd3 Bxc3+ 9. bxc3 Nd7 10. O-O e5 11. dxe6 fxe6 12. Bh6 Qf6 13. Qd2 Nc5 14. f4 Bd7 15. e5 Qf7 16. exd6 cxd6 17. Bc2 O-O-O 18. Qxd6 b6 19. Qe5 Bc6 20. Rad1 Qc7 21. Bg7 Rhg8 22. Qxc7+ Kxc7 23. Be5+ Kc8 24. h4 Ba4 25. Bxa4 Nxa4 26. Bf6 Rdf8 27. Bd4 Nb2 28. Rde1 Re8 29. c5 bxc5 30. Bxc5 Nd3 31. Re4 Nxc5 32. Rc4 Kd7 33. Rxc5 Rc8 34. Ra5 Rc7 35. Ra6 Rf8 36. Rf3 Rf5 37. Rd3+ Ke7 38. g3 Rfc5 39. Kf2 Kf6 40. Re3 R5c6 41. Ra3 h5 42. Kf3 a6 43. Rd3 Rb7 44. Rb3 Rbc7 45. Ke3 Rc4 46. Kd2 Ra4 47. a3 Kf5 48. Kc2 Rc6 49. Kb2 Re4 50. Rb8 Re2+ 51. Kb3 Ke4 52. Rd4+ Kf3 53. Rd3+ Ke4 54. Rd4+ Kf3 55. Rd3+ Kg4 56. Rg8 e5 57. fxe5 Rb6+ 58. Kc4 Rxe5 59. Rgd8 Rc6+ 60. Kb3 Rb6+ 61. Ka4 Rc5 62. R8d4+ Kh3 63. c4 Rb1 64. Rc3 Rg1 65. Kb4 Rc6 66. c5 Rb1+ 67. Kc4 Rb5 68. Kd5 Rf6 69. Re4 a5 70. a4 Rb8 71. c6 Rc8 72. c7 Rb6 73. Re6 Rb4 74. Rxg6 Rxa4 75. Kc6 Re4 76. Kb7 Ree8 77. Ra6 1-0

[Event "MPL Indian Chess Tour #1"]
[Site "chess24.com INT"]
[Date "2022.03.31"]
[Round "4.6"]
[White "Arjun Erigaisi"]
[Black "SL Narayanan"]
[Result "1/2-1/2"]
[EventDate "2022.03.31"]
[WhiteElo "2660"]
[BlackElo "2658"]
[PlyCount "110"]

1. d4 d5 2. c4 e6 3. Nf3 Nf6 4. g3 Bb4+ 5. Bd2 Be7 6. Bg2 c6 7. O-O O-O 8. Bc3 b5 9. b3 bxc4 10. bxc4 Ba6 11. Nbd2 Nbd7 12. Qa4 Qc8 13. Qc2 dxc4 14. Ne5 Nxe5 15. dxe5 Nd5 16. Ne4 Qc7 17. Rfd1 Rfd8 18. Rab1 Nxc3 19. Qxc3 Rxd1+ 20. Rxd1 Rd8 21. Rxd8+ Qxd8 22. Bf1 h5 23. Nd2 c5 24. e4 h4 25. Nxc4 Qd1 26. Qb3 Qe1 27. Qa4 Bxc4 28. Qxc4 a5 29. Kg2 Qa1 30. f4 Qe1 31. Qe2 Qa1 32. Qc4 g5 33. Qe2 hxg3 34. hxg3 a4 35. Kf3 a3 36. Kg4 Qd4 37. Kf3 Kg7 38. Kg2 Bd8 39. Qd3 Qb2+ 40. Qe2 c4 41. Kf3 Bb6 42. Kg4 c3 43. Qxb2 cxb2 44. Bd3 gxf4 45. gxf4 Be3 46. Kf3 Bd2 47. f5 Kh6 48. Ke2 Bc3 49. fxe6 fxe6 50. Kd1 Bxe5 51. Kc2 Kg5 52. Bc4 Kf6 53. Kb1 Bd4 54. Bb3 e5 55. Bd5 Kg5 1/2-1/2